00632nam a2200181Ia 4500008004100000020003000041040000900071082001800080100002500098245009500123250001600218260003100234300002100265504003600286942001200322999001700334952009900351210804s9999 xx 000 0 und d a9780470681619"qpaperback c3228 a155.4228 STEI aSTEVEN STEIN9130350 0aThe EQ edge: bemotional intelligence and your success/cSteven J. Stein and Howard E Book a3rd edition aOntariobJossey Bassc2011 a354 pagesc23 cm 6Includes index and bibliography cBK2ddc c50173d50172 00102ddc4070aRIVELbRIVELd2021-08-04g230.00p33228031011770r2021-08-04w2021-08-04yBK